| 000 | 02040cam a22003974i 4500 | ||
|---|---|---|---|
| 003 | PE-LiUPU | ||
| 005 | 20250731173201.0 | ||
| 008 | 150625s r 000 0 d | ||
| 035 | _a(Sirsi) a30203 | ||
| 040 |
_aPE-LiUPU _bspa _cPE-LiUPU _erda |
||
| 082 | 0 | 4 |
_a203 YC63 _bS79 _221 |
| 100 | 1 |
_aSteinmann,Jean, _eautor. |
|
| 245 | 1 | 3 | _aLa Crítica Ante la Biblia. |
| 264 | 1 |
_aAndorra : _beditorial Casa I Vall, _c1958. |
|
| 300 |
_a140 páginas ; _c19 cm. |
||
| 336 |
_atext _2rdacontent |
||
| 337 |
_aunmediated _2rdamedia |
||
| 338 |
_avolume _2rdacarrier |
||
| 505 | 0 | _aOrigenes y san Geronimo. -La exegesis judia desde los masoretas a Maimonides. -La edad media cristiana. -El renacimiento y la reforma. -El renacimiento de la critica biblica moderna: Richard Simon y Jean Astruct. -Pascal y Spinoza. -La critica biblica en el siglo XVIII. -LA critica biblica de Renan. -La crisis modsernista. -El Padre lagrange, la escuela biblica y la critica contemporanea. -La critica textual. -La critica literaria e historica ante el pentauto. -La critica ante los libros historicos de la biblia. -La critica literaria e historica ante los libros profeticos. -La critica literaria e historica ante las obras de los sabios. -El paso del Antiguo al nuevo testamento. -La critica literaria e historica ante los evangelios. -La critica ante los escritos apostolicos. -El triunfo de la exegesis historica. | |
| 526 | _aSEG42 | ||
| 526 | _aSEG41 | ||
| 526 | _aSEG40 | ||
| 526 | _aSEG39 | ||
| 526 | _aP94 | ||
| 526 | _aP87 | ||
| 526 | _aP86 | ||
| 526 | _aP85 | ||
| 526 | _aP77 | ||
| 526 | _aP76 | ||
| 526 | _aP35 | ||
| 942 |
_2ddc _cBOOK |
||
| 949 |
_a203 YC63 S79 _wDEWEY _c1 _i36421 _lCCODEBUL1 _mBUL _p00.00 _r0 _sY _tBOOK _u2015-06-25 _xBIBLIOTECA _zUNKNOWN _0COMPRA _o.STAFF. Colección General |
||
| 596 | _a1 | ||
| 999 |
_a203 YC63 S79 _wDEWEY _c37634 _i36421 _f2021-11-11 _g4 _lCCODEBUL1 _mBUL _r0 _sY _tBOOK _u2015-6-25 _xTEOLOGIA _zUNKNOWN _0COMPRA _o.STAFF. Colección General _d37634 |
||
| 980 |
_81 _gALBERTO SANCHEZ Responsable de Automatización |
||